Linkin' Park Lyrics Quiz - Statistics

General Stats
  • This quiz has been taken 2,967 times
  • The average score is 9 of 15
Answer Stats
Hint Answer % Correct
I'm tired of being what you want me to be, feeling so faithless... Numb
95%
Watch it fly by as the pendulum swings... In The End
94%
Fear is how I fall, confusing what is real... Crawling
77%
I am, a little bit of loneliness, a little bit of disregard... Faint
72%
There's no blood, there's no alibi... What I've Done
66%
Why does it feel like night today? Papercut
62%
Fuck this hurts, I won't lie, doesn't matter how hard I try... Bleed It Out
58%
Waking in a sweat again, another day's been laid to rest, in my disgrace... Given Up
56%
Forfeit the game before somebody else takes you out of the frame... Points of Authority
54%
Not the only person with these things in mind (inside of me) Somewhere I Belong
49%
I close both locks below the window... Shadow Of The Day
47%
Replaced freedom with fears, you trade money for lies... No More Sorrow
37%
Let me apologize to begin with... In Between
32%
And you listen to the tone and the violent rhythm Waiting For The End
31%
When the rich wage war its the poor who die... Hands Held High
30%
No matching quizzes found
Score Distribution
Percent of People with Each Score
Percentile by Number Answered
Your Score History
You have not taken this quiz